People's People Quiz Stats

 Plays Quiz Updated Dec 19, 2014

Support Sporcle.
Go Orange.
Score 0/20 Timer 05:00
0 Plays Today
% Correct
Katy Perry
95.8%
Cher
94%
Jennifer Aniston
90.9%
Dolly Parton
89.1%
Whitney Houston
88.9%
Beyoncé
88.7%
Sandra Bullock
86.7%
Adele
80.8%
Ryan Gosling
80.5%
Hugh Jackman
78.8%
% Correct
Rosie O'Donnell
78%
Matthew Perry
77.4%
Channing Tatum
73.5%
Zac Efron
61.3%
Lance Bass
57.8%
Tim McGraw
57.3%
Gary Coleman
57.3%
Patrick Dempsey
49.3%
Cory Monteith
42.4%
Gabby Douglas
32.1%

You're not logged in!

Compare scores with friends on all Sporcle quizzes.
OR
Log In

From the Vault

Who's That With Hillary Clinton?

by abh273

It seems that everyone wants to be seen with Hillary nowadays.
Remove Ads.
Support Sporcle.
Get the best of Sporcle when you Go Orange. This ad-free experience offers more features, more stats, and more fun while also helping to support Sporcle. Thank you for becoming a member.

Show Comments

Extras

Top Quizzes Today


Score Distribution

Your Account Isn't Verified!

In order to create a playlist on Sporcle, you need to verify the email address you used during registration. Go to your Sporcle Settings to finish the process.

Report this User

Report this user for behavior that violates our Community Guidelines.

Details: